000 00338nam a2200109Ia 4500
008 200302s9999 xx 000 0 und d
100 _aWerner Blaser
245 _aMies Van Der Rohe IIT Campus illinois institute of technology technisches institut illions
260 _bBirkhauser-Publishers for Architecure
260 _c2002
300 _a83
999 _c3340
_d3340